| 000 | 00866nam a22002057a 4500 | ||
|---|---|---|---|
| 999 |
_c194915 _d194915 |
||
| 005 | 20230317124024.0 | ||
| 010 | _aENG-136369 B-746077-80 E.N.A./7.11.22 | ||
| 020 |
_a9789354614200 _c695.00 |
||
| 035 | _aB-746077-80 EN-119901 | ||
| 037 | _bAstral International | ||
| 082 | _a660.6 | ||
| 245 |
_aHandbook Of Biotechnology/ _cEdited by Saif Hameed and Zeeshan Fatima |
||
| 260 |
_aNew Delhi _bAstral International Pvt. Ltd. _c2022 |
||
| 270 |
_a4736/23,Ansari Road, Daryaganj _bNew Delhi _e110002 _k011-43549197 |
||
| 300 |
_axvi,551p. _c22cm(pbk) |
||
| 700 | _aHameed, Saif | ||
| 700 | _aFatima, Zeeshan | ||
| 942 |
_2ddc _cEN _mHAN _h660.6 |
||